00680 2200265 4500001002100000005001500021035002000036007000300056008004100059040001700100100001600117245007000133250001100203300003100214020002200245041000800267082000800275084001400283090001900297260003000316650001400346850001000360990002200370990002200392INLIS00000000000270920260601074358 a0010-0620000082ta260601 g 1 ind  aSBPUPADbind1 aWarner Bros1 aActivity Pad :bbuku aktivitas /cWarner Bros, Penerjemah, Ariata aCet.10 a96 hlm. :bilus. ;c9x19cm a978-979-29-5801-01 aind a372 a372 ARI a a372 ARI a 28-3 aYogyakarta :bAndi,c2016 4aBuku Anak aPUPAD a28.070/P/DPK/2018 a28.073/P/DPK/2018